000 00344nam a2200133Ia 4500
008 151001s9999||||xx |||||||||||||| ||und||
100 _aविजयदेव झारी
245 _aमुस्लिम परिवेश
250 _a1
260 _bझारीयन
260 _c1997
300 _a176
365 _b21
999 _c977953
_d977950